000 01879cam a22004574i 4500
003 PE-LiUPU
005 20250731172932.0
008 150623s1997 ag r 000 0 spa d
035 _a(Sirsi) a20473
040 _aPE-LiUPU
_bspa
_cPE-LiUPU
_erda
049 _aPRUA
082 0 4 _a286.732098
_bW537p
_221
100 1 _aWestphal, Francisco H.,
_eautor.
245 1 0 _aPionero en Sudamérica /
_cFrancisco H. Westphal.
264 1 _aEntre Ríos, Argentina :
_bCentro de investigación White,
_c1997.
300 _a142 páginas ;
_c21 centímetros.
336 _atext
_2rdacontent
337 _aunmediated
_2rdamedia
338 _avolume
_2rdacarrier
505 0 _aUna visita al Brasil -- La creación del colegio adventista de plata -- La conversión de los Kalbermatter -- Viaje con dificultades -- Más recuerdos -- Nuestras primeras vacaciones -- Un viaje a Chile -- El inicio de la obra en Chile -- Mis primeros días en Chile -- Por incendio y terremoto.
526 _aSEG42
526 _aSEG41
526 _aSEG40
526 _aSEG39
526 _aP94
526 _aP87
526 _aP86
526 _aP85
526 _aP77
526 _aP76
526 _aP35
600 1 _aWestphal, Francisco H. (Pionero Adventista)
942 _2ddc
_cBK
949 _a286.732 W48
_wDEWEY
_c1
_i47651
_lCCODEBUL1
_mBUL
_p00.00
_r0
_sY
_tBOOK
_u2015-06-24
_xTEOLOGIA
_0COMPRA
_o.STAFF. Colección General
949 _a286.732 W48
_wDEWEY
_c2
_i43964
_lCCODEBUL1
_mBUL
_p00.00
_r0
_sY
_tBOOK
_u2015-06-24
_xTEOLOGIA
_0COMPRA
_o.STAFF. Colección General
949 _a286.732 W48 1997
_wDEWEY
_c1
_iFJ12825
_lCCODEBUJ1
_mBUJ
_p20.00
_r0
_sY
_tBOOK
_u2019-04-10
_xEDUCACIÓN
_o.STAFF -- Colección General Juliaca
999 _c20838
_d20838
980 _81
_gALBERTO SANCHEZ Responsable de Automatización